000 00535nam a2200217Ia 4500
003 OSt
005 20230710151053.0
008 210210b1990 xxu||||| |||| 00| 0 eng d
040 _cAL
041 _aEnglish
082 _a658.001 VARM
100 _aVARSHNEY (R L)
_9126288
245 _aManagerial economics
250 _a11 Rev
260 _aNew Delhi.
_bSultan Chand & Sons
_c1990
300 _a475,A-163
690 _aBusiness Economics
_9126289
700 _aMAHESHWARI (K L)
_9126290
906 _a044899
942 _2ddc
_cBK
999 _c94606
_d94606